Top UK Boys' Names 2018 - Statistics

General Stats
  • This quiz has been taken 291 times
  • The average score is 37 of 60
Answer Stats
# First Letter Answer % Correct
1 O Oliver
97%
2 O Oliver
97%
7 O Oliver
97%
3 H Harry
95%
11= H Harry
95%
8 H Harry
95%
2 G George
92%
3 J James
90%
1 J James
90%
14 W William
89%
12 T Thomas
86%
14= T Thomas
86%
9 T Thomas
86%
5 J Jack
85%
1 J Jack
85%
3 J Jack
85%
13 H Henry
82%
10 C Charlie
72%
11 C Charlie
72%
4 C Charlie
72%
4 N Noah
72%
9 N Noah
72%
1= N Noah
72%
9 O Oscar
70%
18 F Freddie
67%
11 M Matthew
67%
11 J Jacob
64%
14 J Jacob
64%
5= J Jacob
64%
6 L Leo
64%
5 L Leo
64%
10 L Leo
64%
5 D Daniel
60%
17 J Joshua
59%
17 J Joshua
59%
7 A Alexander
57%
8 M Muhammad
56%
15 A Alfie
54%
16 A Alfie
54%
14 A Alfie
54%
13 L Lucas
54%
20 I Isaac
53%
16 A Archie
51%
17 A Archie
51%
7 A Arthur
50%
6 L Lewis
48%
16 E Ethan
46%
19 T Theo
44%
18= T Theo
44%
4 L Logan
36%
12 L Logan
36%
19 F Finlay
35%
18 M Max
34%
7= H Harris
32%
20 F Finn
29%
18 F Finn
29%
10 R Rory
23%
20 C Conor
7%
13 C Cillian
5%
15 O Oisin
5%
No matching quizzes found
Score Distribution
Percent of People with Each Score
Percentile by Number Answered
Your Score History
You have not taken this quiz